Statistics for John Wayne Airport (SNA) Destinations

Click here to take the quiz!

General Stats

  • This quiz has been taken 279 times
    (69 since last reset)
  • The average score is 30 of 46

Answer Stats

HintAnswer% Correct
American, Frontier, Sun CountryDallas Fort Worth
97%
JSX, SouthwestDallas Love Field
97%
SouthwestHouston-Hobby
95%
UnitedHouston-Intercontinental
95%
Alaska Air, Delta
Seattle-Tacoma
95%
DeltaAtlanta
92%
Allegiant, Frontier, JSX, Southwest, SpiritLas Vegas
92%
AllegiantPhoenix-Mesa
92%
American, Frontier, SouthwestPhoenix-Sky Harbor
92%
American, UnitedChicago O'hare
90%
AlaskaPortland
90%
Frontier, Southwest, UnitedDenver
87%
Delta, Sun CountryMinneapolis/St. Paul
87%
DeltaDetroit
85%
AmericanNew York-JFK
85%
DeltaSalt Lake City
85%
Alaska Air, United, United ExpressSan Francisco
85%
Allegiant, American, SouthwestAustin
82%
Air Canada, WestJetVancouver
79%
BreezeOrlando
77%
SouthwestSan Jose (CA)
77%
SouthwestSt. Louis
77%
Allegiant, JSXReno/Tahoe
74%
AllegiantBoise
72%
UnitedNewark
72%
SouthwestSacramento
67%
Allegiant, SouthwestSpokane
64%
SouthwestNashville
62%
WestJetCalgary
59%
BreezeCincinnati
59%
JSX, Southwest, SpiritOakland
56%
BreezeColumbus
54%
SouthwestSan Jose del Cabo
49%
AllegiantEugene
46%
BreezePittsburgh
46%
SouthwestPuerto Vallarta
38%
Alaska AirSanta Rosa
36%
AllegiantDes Moines
33%
Allegiant, BreezeProvo
33%
AllegiantMedford
28%
AllegiantMissoula
28%
JSXMonterey
26%
AlaskaEverett
18%
JSXConcord (CA)
10%
AllegiantIdaho Falls
10%
AllegiantSioux Falls
8%

Score Distribution

Percentile by Number Answered

Percent of People with Each Score

Your Score History

You have not taken this quiz since the last reset